
Library Catalogue

| 000 -LEADER | |
|---|---|
| fixed length control field | 01090nam a2200205Ia 4500 |
| 003 - CONTROL NUMBER IDENTIFIER | |
| control field | OSt |
| 005 - DATE AND TIME OF LATEST TRANSACTION | |
| control field | 20211005145230.0 |
| 008 - FIXED-LENGTH DATA ELEMENTS--GENERAL INFORMATION | |
| fixed length control field | 160316s1963 xxu||||| |||| 00| 0 eng d |
| 040 ## - CATALOGING SOURCE | |
| Transcribing agency | nls |
| 082 ## - DEWEY DECIMAL CLASSIFICATION NUMBER | |
| Classification number | 341.230000 |
| Item number | SCH |
| 100 ## - MAIN ENTRY--PERSONAL NAME | |
| Personal name | Schachter Oscar |
| 245 ## - TITLE STATEMENT | |
| Title | The Relation of Law, Politics and Action in the United Nations |
| Remainder of title | (Extract from the "Recueil des Cours", Volume 1, 1963) |
| 260 ## - PUBLICATION, DISTRIBUTION, ETC. | |
| Place of publication, distribution, etc. | Leyden |
| Name of publisher, distributor, etc. | A W Sijthoff |
| Date of publication, distribution, etc. | 1963 |
| 300 ## - PHYSICAL DESCRIPTION | |
| Extent | 256p |
| 365 ## - TRADE PRICE | |
| Price amount | Gratis |
| 505 ## - FORMATTED CONTENTS NOTE | |
| Formatted contents note | Table of Contents:<br/>BIOGRAPHICAL NOTE;<br/>PUBLICATIONS;<br/>INTRODUCTORY NOTE;<br/>I - LAW AND THE PROCESS OF DECISION IN THE POLITICAL ORGANS OF THE UNITED NATIONS;<br/>II - LAW AND THE PROCESS OF DECISION IN THE POLITICAL ORGANS OF THE UNITED NATIONS (CONTINUED);<br/>III - ACTION IN CRISIS: THE TECHNIQUE AND LEGAL ASPECT OF EMERGENCY PEACE-KEEPING;<br/>IV - THE TECHNIQUE AND LEGAL ASPECT OF EMERGENCY PEACE-KEEPING (CONTINUED);<br/>V - LEGAL CONCEPTS AND TECHNIQUES IN THE TASKS OF DEVELOPMENT AND MODERNIZATION;<br/>BIBLIOGRAPHY.<br/> |
| 650 ## - SUBJECT ADDED ENTRY--TOPICAL TERM | |
| Topical term or geographic name entry element | 1. International Law - United Nations |
| 700 ## - ADDED ENTRY--PERSONAL NAME | |
| Personal name | |
| -- | |
| 942 ## - ADDED ENTRY ELEMENTS (KOHA) | |
| Source of classification or shelving scheme | Dewey Decimal Classification |
| Koha item type | BOOKs |
| Withdrawn status | Lost status | Damaged status | Not for loan | Home library | Current library | Shelving location | Date acquired | Total Checkouts | Full call number | Barcode | Date last seen | Price effective from | Koha item type |
|---|---|---|---|---|---|---|---|---|---|---|---|---|---|
| . | . | Library Compactors | 30.05.2017 | 341.23 SCH | 24331 | 30.05.2017 | 30.05.2017 | BOOKs |